Statistics for Word Chain - JetPunk

Click here to take the quiz!

General Stats

  • This quiz has been taken 119 times
  • The average score is 9 of 20

Answer Stats

HintAnswer% Correct
Most guessed state on the U.S. States QuizCalifornia
92%
The only country starting with Y on JetPunkYemen
72%
Least guessed answer in the Name the Planets quizNeptune
66%
Most guessed capital on the World Capitals QuizParis
65%
Most common genre of quizzes found on JetPunkGeography
54%
Charity where 5% of JetPunk's profits go towards planting trees: ____ Day FoundationArbor
50%
Most taken quiz about counties of a country: Counties of ____ QuizEngland
44%
Portable computer which can be used to take JetPunk quizzes onLaptop
43%
The tag used for quizzes about songs and lyricsMusic
43%
Introduced in May 2019, this allows users to remove ads as well as see analytics for their quizzesPremium
40%
City where the Quizmaster is basedSeattle
37%
First name of the QuizmasterDan
36%
Platform used from January 2019 for JetPunk users to interact with each otherDiscord
35%
Popular type of quiz made possible in July 2019: Random ____Map
32%
Country where the European Union's Court of Justice residesLuxembourg
32%
Feature used to allow users to group together similar quizzes they've madeSeries
31%
One of the non-english languages where you can get points on JetPunkEspañol
25%
Biggest non-affiliated user for quiz takesRelessness
24%
User commonly known for his "by borders" quizzesScambigol
18%
Least guessed element on the Periodic Table of Elements quizNihonium
12%

Score Distribution

Percentile by Number Answered

Percent of People with Each Score

Your Score History

You have not taken this quiz